000 03170cam a2200433 i 4500
999 _c9539
_d9539
001 1267402996
003 OCoLC
005 20241126110714.0
008 210825s2022 ilua b 001 0 eng
010 _a2021041930
020 _a9781514001127
_qpaperback
020 _a1514001128
_qpaperback
020 _z9781514001134
_qdigital
035 _a(OCoLC)1267402996
040 _aDLC
_beng
_erda
_cDLC
_dOCLCO
_dOCLCF
_dIHT
_dYDX
_dBDX
_dDTM
042 _apcc
050 0 0 _aBS511.3
_b.C675 2022
082 0 0 _a220.6
_223
_bCOV
092 _a220.6
_bC83p
245 0 0 _aCovenantal and dispensational theologies :
_bfour views on the continuity of Scripture /
_cBrent E. Parker and Richard J. Lucas, eds. ; with contributions from Michael Horton, Stephen Wellum, Darrell Bock, and Mark Snoewberger.
264 1 _aDowners Grove, Illinois :
_bIVP Academic, an imprint of InterVarsity Press,
_c[2022]
300 _ax, 266 pages :
_billustrations ;
_c23 cm.
336 _atext
_btxt
_2rdacontent
337 _aunmediated
_bn
_2rdamedia
338 _avolume
_bnc
_2rdacarrier
490 1 _aSpectrum multiview books
504 _aIncludes bibliographical references and indexes.
505 0 0 _tIntroduction to covenantal and dispensational theologies: four views on the continuity of Scripture /
_rBrent E. Parker and Richard J. Lucas --
_gMain Essays --
_tCovenant Theology /
_rMichael S. Horton --
_tProgressive Covenantalism /
_rStephen J. Wellum --
_tProgressive Dispensationalism /
_rDarrell L. Bock --
_tTraditional Dispensationalism /
_rMark A. Snoeberger --
_gResponses --
_tA Covenant Theology Response /
_rMichael S. Horton --
_tA Progressive Covenantalism Response /
_rStephen J. Wellum --
_tA Progressive Dispensationalism Response /
_rDarrell L. Bock --
_tA Traditional Dispensationalism Response /
_rMark A. Snoeberger -- Conclusion / Brent E. Parker and Richard J. Lucas.
520 _a"How do the Old and New Testaments relate to each other? What is the relationship among the biblical covenants? In this volume in IVP Academic's Spectrum series, readers will find four contributors who explore these complex questions, each making a case for their own view and responding to the others' views to offer an animated yet irenic discussion on the continuity of Scripture"--
_cProvided by publisher.
630 0 0 _aBible
_xCriticism, interpretation, etc.
_0https://id.loc.gov/authorities/subjects/sh85013617
_9144
650 0 _aCovenant theology.
_0https://id.loc.gov/authorities/subjects/sh85033615
_92347
650 0 _aDispensationalism.
_0https://id.loc.gov/authorities/subjects/sh85038451
_94045
655 7 _aCriticism, interpretation, etc.
_2fast
_0https://id.worldcat.org/fast/1411635
_91372
700 1 _aParker, Brent E.,
_d1978-
_0https://id.loc.gov/authorities/names/n2021047081
_eeditor.
_916605
700 1 _aLucas, Richard James,
_d1981-
_0https://id.loc.gov/authorities/names/n2021047085
_eeditor.
_916606
776 0 8 _iOnline version:
_tCovenantal and dispensational theologies
_dDowners Grove, IL : InterVarsity Press, 2021
_z9781514001134
_w(DLC) 2021041931
830 0 _aSpectrum multiview books.
_0https://id.loc.gov/authorities/names/no2012075127
_914027
942 _2ddc
_cBK
_01